Catálogo
 En Linea
Vista normal Vista MARC

Entrada Nombre de reunión

Número de registros utilizados en: 1

001 - NÚMERO DE CONTROL

  • campo de control: 82006

003 - IDENTIFICADOR DEL NÚMERO DE CONTROL

  • campo de control: DO-SdBNP

005 - FECHA Y HORA DE LA ÚLTIMA TRANSACCIÓN

  • campo de control: 20220714121653.0

008 - DATOS DE LONGITUD FIJA

  • campo de control de longitud fija: 220714|| aca||aabn | a|a d

040 ## - FUENTE DE LA CATALOGACIÓN

  • Centro catalogador/agencia de origen: DO-SdBNP
  • Centro/agencia transcriptor: DO-SdBNP

111 ## - ENCABEZAMIENTO--NOMBRE DE CONGRESO/REUNIÓN

  • Nombre de congreso/reunión o jurisdicción como elemento de entrada: Foro Permanente de Partidos Políticos de la República Dominicana
  • Sede del congreso/Lugar de la reunión: Mayo,Santo Domingo)
  • Fecha del congreso/reunión: 2017:
  • Número del congreso/reunión o número de parte o sección: (4ta

670 ## - FUENTE DE DATOS ENCONTRADOS

  • Cita de la fuente: Work cat.: (DO-SdBNP)52180: Foro Permanente de Partidos Políticos de la República Dominicana Mayo,Santo Domingo) 2017: (4ta:, Ministerio Público Electoral :

Con tecnología Koha